Memòria ... / SIEM. Servei d'Informació Econòmica Municipal
MARC
| LEADER | 00000nam a2200000Ia 4500 | ||
|---|---|---|---|
| 001 | 11767, 12256, 12640, 13423, 16694, 18225, 21780, 22878, 23636 | ||
| 008 | 160829s1995- xx 000 0 cat d | ||
| 080 | |a M-1-79, M-1-80, M-1-81, M-3-430, M-3-294, M-5-261, M-6-239, M-6-368, Bib-14 | ||
| 110 | 1 | |a Barcelona (Catalunya : Província). |b Servei d'Informació Econòmica Municipal |9 52724 | |
| 245 | |a Memòria ... / SIEM. Servei d'Informació Econòmica Municipal | ||
| 250 | |a Ed. no venal | ||
| 260 | |a Barcelona : |b Diputació de Barcelona, Àrea de Règim Interior, Hisenda i Planificació, Servei de Programació, |c 1995- | ||
| 300 | |a 30 cm | ||
| 650 | 0 | |a Finances municipals |9 22579 | |
| 650 | |a Barcelona. Diputació. Servei d'Informació Econòmica Municipal |x Memòries |9 20806 | ||
| 710 | |a Barcelona (Catalunya : Província). |b Servei de Programació |9 53631 | ||
| 866 | |a 1995, 1996, 1997, 1998 - 1999, 2000 - 2002, 2003 - 2004, 2005 - 2006, 2007 - 2008, 2009 - 2010 | ||
| 901 | |a Arxiu | ||
| 942 | |n 1 | ||
| 952 | |0 0 |1 0 |4 0 |6 M179_M180_M181_M3430_M3294_M5261_M6239_M6368_BIB14 |7 1 |9 55088 |a Arxiu |b Arxiu |d 2016-12-01 |l 0 |o M-1-79, M-1-80, M-1-81, M-3-430, M-3-294, M-5-261, M-6-239, M-6-368, Bib-14 |p 11767, 12256, 12640, |r 2016-12-01 00:00:00 |w 2016-12-01 |y ARXIU | ||
| 999 | |c 58960 |d 58960 | ||